Matura 2019 - lektury - Statystyki

Ogólne statystyki
  • Ten quiz został rozwiązany 2 169 razy
  • Średni wynik to 11 z 19
Statystyki odpowiedzi
Utwór Odpowiedź % Poprawnych
Pan Tadeusz Adam Mickiewicz
99%
Dziady Adam Mickiewicz
99%
Lalka Bolesław Prus
91%
Treny Jan Kochanowski
81%
Kordian Juliusz Słowacki
74%
Wesele Stanisław Wyspiański
73%
Zemsta Aleksander Fredro
72%
Król Edyp Sofokles
60%
Antygona Sofokles
60%
Ludzie Bezdomni Stefan Żeromski
59%
Przedwiośnie Stefan Żeromski
59%
Zbrodnia i Kara Fiodor Dostojewski
50%
Ferdydurke Witold Gombrowicz
49%
Granica Zofia Nałkowska
48%
Stary Człowiek i Morze Ernest Hemingway
46%
Romeo i Julia Wiliam Szekspir
40%
Dżuma Albert Camus
38%
Mały Książe Antoine de Saint-Exupery
30%
Sklepy Cynamonowe Bruno Schultz
13%
Nie znaleziono quizów pasujących do podanych kryteriów
Rozkład punktacji
Procent ludzi z każdym wynikiem
Percentyl według liczby udzielonych odpowiedzi
Twoja historia wyników
Nie rozwiązałeś tego quizu